000 00903nam a22002177a 4500
001 113938
003 DR-UNIBE
005 20250813114152.0
008 250724b1953 fr ||||| |||| 00| 0 mul d
040 _aBIBLIOTECA UNIBE
_bspa
_cBIBLIOTECA UNIBE
041 _aspa
082 _aF 5707
110 2 _aOrganización de las Naciones Unidas para la Educación, la Ciencia y la Cultura (UNESCO)
_945154
245 1 0 _aWhat makes a good teacher? : children speak their minds = Qu´ est-ce qu´ un bon maiter? : les enfants ouvrent leur caeur = ¿Cómo debe ser un buen maestro? : los niños opinan
260 _aParis :
_bOrganización de las Naciones Unidas para la Educación, la Ciencia y la Cultura (UNESCO),
_c1953
300 _aPaginación varias
650 7 _2lemb
_a Escuelas elementales
_9198373
650 7 _2lemb
_aMaestros
653 0 0 _aMaestros de escuelas elementales
942 _2ddc
_cMX
999 _c113938
_d113938